| Tag |
First Indicator |
Second Indicator |
Subfields |
| LEADER |
00000cam a2200000 a 4500 |
| 001 |
in00000087943 |
| 005 |
20151008063059.0 |
| 008 |
800815s1980 mauafh b 00110 eng d |
| 020 |
|
|
|a 0892501391
|
| 020 |
|
|
|a 0892501405 (pbk.)
|
| 035 |
|
|
|a (OCoLC)06622561
|
| 035 |
|
|
|9 AAK1541AM
|
| 040 |
|
|
|a KKS
|c KKS
|d m.c.
|d TXA
|d UtOrBLW
|
| 043 |
|
|
|a e-ur---
|
| 049 |
|
|
|a TXAM
|c [1655791]
|
| 090 |
|
|
|a G69.S43
|b L55
|
| 100 |
1 |
|
|a Lincoln, W. Bruce.
|
| 245 |
1 |
0 |
|a Petr Petrovich Semenov-Tian-Shanskii :
|b the life of a Russian geographer /
|c W. Bruce Lincoln.
|
| 264 |
|
1 |
|a Newtonville, Mass. :
|b Oriental Research Partners,
|c 1980.
|
| 300 |
|
|
|a x, 118 pages, 12 unnumbered pages of plates :
|b illustrations, facsimiles ;
|c 23 cm.
|
| 336 |
|
|
|a text
|b txt
|2 rdacontent
|
| 337 |
|
|
|a unmediated
|b n
|2 rdamedia
|
| 338 |
|
|
|a volume
|b nc
|2 rdacarrier
|
| 490 |
1 |
|
|a Russian biography series ;
|v no. 8
|
| 500 |
|
|
|a Includes index.
|
| 504 |
|
|
|a Bibliography: pages 108-113.
|
| 600 |
1 |
0 |
|a Semenov-Ti︠a︡nʹ-Shanskiĭ, Petr,
|d 1827-1914.
|
| 650 |
|
0 |
|a Geographers
|z Soviet Union.
|
| 830 |
|
0 |
|a Russian biography series ;
|v no. 8.
|
| 948 |
|
|
|a c:mc
|
| 999 |
|
|
|a MARS
|
| 999 |
f |
f |
|s 98bc253d-e519-3a8d-a965-c77af6d7c227
|i d5daf9dd-b0b5-36dc-aac5-34a0930e1746
|t 0
|
| 952 |
f |
f |
|p ric
|a Texas A&M University
|b Rellis Campus
|c Joint Library Facility
|d Remote Storage
|t 0
|e G69.S43 L55
|h Library of Congress classification
|i unmediated -- volume
|m A14824166621
|
| 998 |
f |
f |
|a G69.S43 L55
|t 0
|l Remote Storage
|